Внутри Coca-Cola. История бренда №1 глазами легендарного CEO: пер. с англ.

Podrobná bibliografie
Hlavní autor: Исделл Н. Невил
Další autoři: Бизли Д. Дэвид
Shrnutí:Вы задумывались о том, что Coca-Cola присутствует во всех странах мира, кроме трех? Благодаря чему секретный состав знаменитого напитка, первоначально задуманного как лекарство от похмелья, завоевал весь мир? И почему в наше время именно гигантские корпорации стали мишенью критики? Невил Исделл, бывший СЕО и председатель совета директоров Coca-Cola, рассказывает захватывающую историю возрождения и нынешнего процветания компании. Вам предоставлен уникальный шанс узнать из первых рук, каким образом «Кока-Коле» удалось во многом превзойти своего вечного конкурента, «Пепси»; с какими непредсказуемыми проблемами пришлось столкнуться компании при завоевании российского рынка. Иными словами — о том, какие страсти кипели и кипят за невинным лозунгом «Всегда "Кока-Кола"». Уверяем, что вы извлечете для себя максимум пользы.
Jazyk:ruština
Vydáno: Москва, Манн, Иванов и Фербер, 2012
Edice:Хороший перевод!
Témata:
Médium: MixedMaterials Kniha
KOHA link:https://koha.lib.tpu.ru/cgi-bin/koha/opac-detail.pl?biblionumber=216164

MARC

LEADER 00000nam0a2200000 4500
001 216164
005 20231101230023.0
010 |a 9785916572636 
035 |a (RuTPU)RU\TPU\book\236126 
090 |a 216164 
100 |a 20120522d2012 km y0rusy50 ca 
101 1 |a rus  |c eng 
102 |a RU 
105 |a y z 000zy 
200 1 |a Внутри Coca-Cola. История бренда №1 глазами легендарного CEO  |e пер. с англ.  |f Н. Исделл, Д. Бизли 
210 |a Москва  |c Манн, Иванов и Фербер  |d 2012 
215 |a 240 с. 
225 1 |a Хороший перевод! 
330 |a Вы задумывались о том, что Coca-Cola присутствует во всех странах мира, кроме трех? Благодаря чему секретный состав знаменитого напитка, первоначально задуманного как лекарство от похмелья, завоевал весь мир? И почему в наше время именно гигантские корпорации стали мишенью критики? Невил Исделл, бывший СЕО и председатель совета директоров Coca-Cola, рассказывает захватывающую историю возрождения и нынешнего процветания компании. Вам предоставлен уникальный шанс узнать из первых рук, каким образом «Кока-Коле» удалось во многом превзойти своего вечного конкурента, «Пепси»; с какими непредсказуемыми проблемами пришлось столкнуться компании при завоевании российского рынка. Иными словами — о том, какие страсти кипели и кипят за невинным лозунгом «Всегда "Кока-Кола"». Уверяем, что вы извлечете для себя максимум пользы. 
606 1 |a Фирмы  |x Управление  |2 stltpush  |3 (RuTPU)RU\TPU\subj\37238  |9 58336 
610 1 |a бизнес 
610 1 |a компании 
610 1 |a Кока-Кола 
610 1 |a история 
610 1 |a конкуренция 
610 1 |a бренд-технологии 
686 |a У012.1  |v LBC/SL-A  |2 rubbk 
700 1 |a Исделл  |b Н.  |g Невил 
701 1 |a Бизли  |b Д.  |g Дэвид 
801 1 |a RU  |b 63413507  |c 20120522 
801 2 |a RU  |b 63413507  |c 20120912  |g RCR 
942 |c BK 
959 |a 80/20120522  |d 1  |e 570,00  |f ЧЗГЛ:1